000
00256nam a2200097Ia 4500
001
683575
005
20250826161441.0
008
250824s9999 xx 000 0 und d
245
0
_a
BATTAL GAZİ KORKUSUZ SAVAŞÇI
_c
İBRAHİM ÜNSAL
260
_b
HAYAT YAYINLARI
999
_c
683575
_d
683575